<?xml version="1.0" encoding="UTF-8"?>
<record
    xmlns:xsi="http://www.w3.org/2001/XMLSchema-instance"
    xsi:schemaLocation="http://www.loc.gov/MARC21/slim http://www.loc.gov/standards/marcxml/schema/MARC21slim.xsd"
    xmlns="http://www.loc.gov/MARC21/slim">

  <leader>00453nam a22001577a 4500</leader>
  <datafield tag="999" ind1=" " ind2=" ">
    <subfield code="c">3668</subfield>
    <subfield code="d">3668</subfield>
  </datafield>
  <controlfield tag="008">200625b           ||||| |||| 00| 0 eng d</controlfield>
  <datafield tag="082" ind1="0" ind2="0">
    <subfield code="a">621.3132</subfield>
    <subfield code="b">C6223</subfield>
  </datafield>
  <datafield tag="100" ind1=" " ind2=" ">
    <subfield code="9">204</subfield>
    <subfield code="a">Clayton, Albert E.</subfield>
  </datafield>
  <datafield tag="245" ind1="1" ind2="0">
    <subfield code="a">Performance and design of direct current machines</subfield>
  </datafield>
  <datafield tag="250" ind1=" " ind2=" ">
    <subfield code="a">3rd ed.</subfield>
  </datafield>
  <datafield tag="260" ind1=" " ind2=" ">
    <subfield code="a">London</subfield>
    <subfield code="b">Sir Isaac Pitman Pvt. Ltd</subfield>
    <subfield code="c">1959</subfield>
  </datafield>
  <datafield tag="300" ind1=" " ind2=" ">
    <subfield code="a">xx,516 p.</subfield>
  </datafield>
  <datafield tag="365" ind1=" " ind2=" ">
    <subfield code="d">26.80</subfield>
  </datafield>
  <datafield tag="650" ind1=" " ind2="0">
    <subfield code="a">Electrical Engineering</subfield>
  </datafield>
  <datafield tag="942" ind1=" " ind2=" ">
    <subfield code="c">BK</subfield>
  </datafield>
  <datafield tag="952" ind1=" " ind2=" ">
    <subfield code="0">0</subfield>
    <subfield code="1">0</subfield>
    <subfield code="2">ddc</subfield>
    <subfield code="4">0</subfield>
    <subfield code="6">621_313200000000000_C6223</subfield>
    <subfield code="7">0</subfield>
    <subfield code="9">9899</subfield>
    <subfield code="a">CL</subfield>
    <subfield code="b">CL</subfield>
    <subfield code="d">1960-12-15</subfield>
    <subfield code="e">W. Newman</subfield>
    <subfield code="o">621.3132 C6223</subfield>
    <subfield code="p">02533</subfield>
    <subfield code="r">2020-06-25</subfield>
    <subfield code="y">BK</subfield>
  </datafield>
  <datafield tag="952" ind1=" " ind2=" ">
    <subfield code="0">0</subfield>
    <subfield code="1">1</subfield>
    <subfield code="2">ddc</subfield>
    <subfield code="4">0</subfield>
    <subfield code="6">621_313200000000000_C6223</subfield>
    <subfield code="7">0</subfield>
    <subfield code="9">12915</subfield>
    <subfield code="a">CL</subfield>
    <subfield code="b">CL</subfield>
    <subfield code="d">1960-12-15</subfield>
    <subfield code="e">W. Newman &amp; Co</subfield>
    <subfield code="o">621.3132 C6223</subfield>
    <subfield code="p">02534</subfield>
    <subfield code="r">2020-08-07</subfield>
    <subfield code="y">BK</subfield>
  </datafield>
</record>
